W którym z klubów nie grał dany piłkarz? Edycja polscy piłkarze - Statystyki

Ogólne statystyki
  • Ten quiz został rozwiązany 84 razy
  • Średni wynik to 10 z 15
Statystyki odpowiedzi
Zagadnienie Odpowiedź % Poprawnych
Piotr Zieliński Frosinone Calcio
100%
Robert Lewandowski Śląsk Wrocław
100%
Wojciech Szczęsny Bournemouth
88%
Zbigniew Boniek Lechia Gdańsk
88%
Bartosz Bereszyński Arka Gdynia
75%
Łukasz Fabiański Cracovia
75%
Jerzy Dudek Groningen
75%
Karol Linetty Salernitana
75%
Kamil Grosicki Lech Poznań
63%
Karol Świderski AEK Ateny
50%
Kamil Glik Salernitana
50%
Kazimierz Deyna Widzew Łódź
50%
Tomasz Hajto GKS Katowice
38%
Michał Żewłakow KVC Westerlo
38%
Grzegorz Krychowiak Stade Rennais
25%
Nie znaleziono quizów pasujących do podanych kryteriów
Rozkład punktacji
Procent ludzi z każdym wynikiem
Percentyl według liczby udzielonych odpowiedzi
Twoja historia wyników
Nie rozwiązałeś tego quizu